000 00525nam a2200181Ia 4500
999 _c14568
_d14568
003 OSt
005 20201113105439.0
008 190216s9999||||xx |||||||||||||| ||und||
020 _a9788131704172
040 _coclc
082 _a824
_bAUT/I
100 _aAuthors
_91880
245 4 _aThe Individual Society /
_cDepartment of English University of Delhi
260 _bPearson Education Asia,
_c2006.
_aNew Delhi:
300 _a251p
650 _aEnglish
942 _cBK
_2ddc
_hAUT/I
_i824
_kAUT/I
_m824